Score 0/12 Timer 02:00
0 Plays Today
% Correct
Brazil
84%
Suriname
81.3%
Guyana
78.6%
Argentina
76.5%
Colombia
76.1%
Ecuador
75.6%
Chile
72.8%
Uruguay
71.4%
Bolivia
69%
Venezuela
67.9%
Peru
64.7%
Paraguay
63.6%
Remove Ads.
Support Sporcle.
Get the best of Sporcle when you Go Orange. This ad-free experience offers more features, more stats, and more fun while also helping to support Sporcle. Thank you for becoming a member.

You're not logged in!

Compare scores with friends on all Sporcle quizzes.
OR
Log In

Show Comments

Extras

Top Quizzes Today


Score Distribution

Your Account Isn't Verified!

In order to create a playlist on Sporcle, you need to verify the email address you used during registration. Go to your Sporcle Settings to finish the process.

Report this User

Report this user for behavior that violates our Community Guidelines.

Details: